000 00311nam a2200097Ia 4500
082 _a658.4056 HOLM
245 0 _aManaging through turbulent times : the 7 rules of crisis management
100 _a Holmes, Anthony Petersfield, 2009
_992183
942 _cBK
008 210817s9999 xx 000 0 und d
999 _c374977
_d374977